[Event "5th IT Lukavac 2016"]
[Site "Lukavac"]
[Date "2016.11.24"]
[Round "1.28"]
[White "Ahmic, Nesim"]
[Black "Hodzic, Mujo"]
[Result "1-0"]
[WhiteElo "2006"]
[BlackElo "1441"]
[PlyCount "119"]
[EventDate "2016.11.24"]

1. d4 Nf6 2. c3 d6 3. Bf4 g6 4. e3 Bg7 5. Nd2 O-O 6. Ngf3 Nbd7 7. Be2 c5 8. O-O
a6 9. a4 b6 10. e4 Bb7 11. d5 Nh5 12. Bg5 Nhf6 13. Qc2 Re8 14. Rad1 Qc7 15. Bd3
e6 16. dxe6 Rxe6 17. Rfe1 d5 18. exd5 Bxd5 19. Rxe6 Bxe6 20. Bc4 Bxc4 21. Nxc4
b5 22. axb5 axb5 23. Nd6 Qc6 24. h3 Nd5 25. Nxb5 Qxb5 26. Rxd5 Qc6 27. Qd2 Nb6
28. Rd8+ Bf8 29. Ne5 Rxd8 30. Qxd8 Qd6 31. Qe8 Qe6 32. Qxe6 fxe6 33. Bd8 Na4
34. Nc4 e5 35. Kf1 Bh6 36. Ke2 Bc1 37. Kd3 Nxb2+ 38. Nxb2 Bxb2 39. Bb6 Kf7 40.
Bxc5 Ke6 41. Kc2 Ba1 42. Bb4 Kd5 43. Kb1 Bxc3 44. Bxc3 e4 45. Kc2 Kc4 46. Bg7
h5 47. Kd2 Kd5 48. Ke3 Ke6 49. Kxe4 g5 50. g3 Kf7 51. Bb2 Kg6 52. f3 Kh6 53.
Kf5 g4 54. fxg4 hxg4 55. h4 Kh5 56. Bc3 Kh6 57. Kxg4 Kh7 58. Kg5 Kg8 59. Kg6
Kf8 60. h5 1-0

[Event "5th IT Lukavac 2016"]
[Site "Lukavac"]
[Date "2016.11.24"]
[Round "1.29"]
[White "Aydin, Gulenay"]
[Black "Omanovic, Vahidin"]
[Result "0-1"]
[WhiteElo "1416"]
[BlackElo "2002"]
[PlyCount "104"]
[EventDate "2016.11.24"]

1. e4 d6 2. d4 Nf6 3. Nc3 g6 4. Nf3 Bg7 5. Be3 O-O 6. Qd2 Ng4 7. Bg5 h6 8. h3
Nxf2 9. Qxf2 hxg5 10. Nxg5 e6 11. Qh4 Re8 12. O-O-O Nd7 13. Bc4 Nf8 14. Qg3 Bh6
15. h4 f6 16. Kb1 fxg5 17. h5 Kg7 18. Rdf1 Bd7 19. Qh2 g4 20. hxg6 Qg5 21. Rf7+
Kxg6 22. Rhf1 e5 23. Nd5 Bg7 24. Nxc7 g3 25. Qh1 Be6 26. Nxe8 Rxe8 27. R1f5 Qg4
28. Bxe6 Nxe6 29. d5 Nd4 30. Rf1 Rc8 31. Rxb7 Qxe4 32. a3 Rxc2 33. Ka1 Rf2 34.
Rc1 Nc2+ 35. Ka2 Qxd5+ 36. Rb3 Nd4 37. Rcc3 Nxb3 38. Rxg3+ Kf7 39. Qh5+ Kf8 40.
Rxb3 Rxb2+ 41. Kxb2 e4+ 42. Kc2 Qxh5 43. Rb8+ Kf7 44. Rb7+ Kg6 45. Rxa7 Qc5+
46. Kd2 Qxa7 47. g4 Qxa3 48. g5 Kxg5 49. Kc2 e3 50. Kd1 Qd3+ 51. Kc1 Qd2+ 52.
Kb1 Qb2# 0-1

[Event "5th IT Lukavac 2016"]
[Site "Lukavac"]
[Date "2016.11.24"]
[Round "1.30"]
[White "Alic, Amir"]
[Black "Lipovcic, Marko"]
[Result "0-1"]
[WhiteElo "1998"]
[BlackElo "1325"]
[PlyCount "86"]
[EventDate "2016.11.24"]

1. Nf3 d5 2. c4 c6 3. d4 e6 4. Nc3 Nf6 5. Qc2 Nbd7 6. e3 b6 7. cxd5 exd5 8. Bd3
Bd6 9. Ne2 Qc7 10. Ng3 Nf8 11. Nf5 Bxf5 12. Bxf5 Ng6 13. Bd2 O-O 14. Rc1 Ne7
15. Bd3 Rac8 16. Nh4 g6 17. Nf3 Kg7 18. b4 b5 19. Bc3 Rfe8 20. h3 Neg8 21. Ne5
Ne4 22. Bxe4 dxe4 23. Ng4 h5 24. d5+ f6 25. dxc6 hxg4 26. hxg4 Be5 27. g5 Bxc3+
28. Qxc3 Qe5 29. gxf6+ Nxf6 30. Qa3 Rc7 31. Rc5 Qd6 32. Rh4 Re5 33. Rc1 Nd5 34.
Rb1 Qxc6 35. Kf1 Qf6 36. Rh2 Rf7 37. Rb2 Rf5 38. g4 Rf3 39. Re2 Qc3 40. Qxc3+
Nxc3 41. Rc2 Nd5 42. Ke2 Nxb4 43. Rb2 Rxf2+ 0-1

[Event "5th IT Lukavac 2016"]
[Site "Lukavac"]
[Date "2016.11.24"]
[Round "1.31"]
[White "Ozturk, Nil"]
[Black "Zivkovic, Milenko"]
[Result "0-1"]
[WhiteElo "1314"]
[BlackElo "1988"]
[PlyCount "82"]
[EventDate "2016.11.24"]

1. e4 e5 2. Nf3 Nc6 3. Nc3 Nf6 4. Bb5 Bb4 5. O-O Nd4 6. Nxd4 exd4 7. Nd5 Nxd5
8. exd5 O-O 9. Re1 Re8 10. c3 Bc5 11. d3 a6 12. Bc4 d6 13. h3 Bf5 14. a4 Qd7
15. b4 Rxe1+ 16. Qxe1 Re8 17. Qd2 Bb6 18. Bb2 Qe7 19. cxd4 Qe2 20. Qc3 a5 21.
Ba3 axb4 22. Bxb4 h6 23. Bb5 Re7 24. a5 Bxh3 25. gxh3 Re5 26. Qd2 Rg5+ 27. Kh2
Qf3 28. Rg1 Rxg1 29. Kxg1 Bxd4 30. Qe1 Qg3+ 31. Kf1 Qxh3+ 32. Kg1 Be5 33. Qe3
Qg4+ 34. Kf1 Qxb4 35. Bc4 Qxa5 36. f4 Qa1+ 37. Ke2 Qb2+ 38. Kf3 Bd4 39. Qe8+
Kh7 40. Qe4+ g6 41. Kg4 f5+ 0-1

[Event "5th IT Lukavac 2016"]
[Site "Lukavac"]
[Date "2016.11.25"]
[Round "2.1"]
[White "Buljubasic, Sabahudin"]
[Black "Prskalo, Vladislav"]
[Result "0-1"]
[WhiteElo "2361"]
[BlackElo "1980"]
[PlyCount "70"]
[EventDate "2016.11.24"]

1. e4 d6 2. d4 Nf6 3. Nc3 g6 4. Nf3 Bg7 5. Bc4 O-O 6. Qe2 c6 7. Bb3 b6 8. Bg5
h6 9. Bh4 g5 10. Bg3 a5 11. O-O-O b5 12. e5 a4 13. exf6 exf6 14. Nxa4 bxa4 15.
Bc4 f5 16. h4 a3 17. hxg5 Re8 18. Qd2 hxg5 19. Nxg5 d5 20. Bb3 axb2+ 21. Kb1
Nd7 22. Qf4 Nb6 23. Qh4 Nc4 24. Qh7+ Kf8 25. Qh5 Ra7 26. Nh7+ Kg8 27. Qg5 Qxg5
28. Nxg5 Ba6 29. Nf3 c5 30. a4 Re4 31. dxc5 f4 32. Bh4 Bb7 33. c3 Bxc3 34. Rd3
Bg7 35. Ka2 Bc6 0-1

[Event "5th IT Lukavac 2016"]
[Site "Lukavac"]
[Date "2016.11.25"]
[Round "2.2"]
[White "Zivkovic, Milenko"]
[Black "Mrndjic, Muamer"]
[Result "0-1"]
[WhiteElo "1988"]
[BlackElo "2257"]
[PlyCount "100"]
[EventDate "2016.11.24"]

1. d4 Nf6 2. Nc3 d5 3. e4 Nxe4 4. Nxe4 dxe4 5. Be3 g6 6. Ne2 Bg7 7. Qd2 O-O 8.
O-O-O e5 9. Nc3 exd4 10. Bxd4 Nc6 11. Bxg7 Qxd2+ 12. Rxd2 Kxg7 13. Nxe4 Re8 14.
Ng3 Re1+ 15. Rd1 Rxd1+ 16. Kxd1 Be6 17. a3 Bd5 18. f4 Rd8 19. Kc1 f5 20. Rg1
Nd4 21. Ne2 Ne6 22. g3 Bf3 23. Nc3 c6 24. Bc4 Nd4 25. Re1 Kf6 26. Re3 b5 27.
Be2 Bg2 28. Bd1 h6 29. Nb1 g5 30. c3 gxf4 31. gxf4 Ne6 32. Re2 Nxf4 33. Rd2
Nd3+ 34. Kc2 Be4 35. Kb3 Rd5 36. c4 bxc4+ 37. Kc3 Ne5 38. Rxd5 cxd5 39. Nd2 Ke7
40. Kd4 Kd6 41. Be2 Nc6+ 42. Ke3 Ke5 43. Kf2 f4 44. Bxc4 dxc4 45. Nxc4+ Kd4 46.
Nd6 Ne5 47. Nb5+ Kd3 48. Nxa7 Ng4+ 49. Kg1 f3 50. h3 Ke2 0-1

[Event "5th IT Lukavac 2016"]
[Site "Lukavac"]
[Date "2016.11.25"]
[Round "2.3"]
[White "Budimir, Boris"]
[Black "Jovovic, Milan"]
[Result "0-1"]
[WhiteElo "2245"]
[BlackElo "1974"]
[PlyCount "110"]
[EventDate "2016.11.24"]

1. e4 c5 2. Nf3 d6 3. d4 cxd4 4. Nxd4 Nf6 5. Nc3 a6 6. g3 e6 7. Bg2 Qc7 8. O-O
Be7 9. Be3 O-O 10. Qe2 Nbd7 11. f4 Nb6 12. Rad1 Bd7 13. Kh1 Rac8 14. Bc1 Na4
15. Nxa4 Bxa4 16. b3 Bc6 17. c4 Rfd8 18. Bb2 Nd7 19. Rde1 Bf8 20. f5 e5 21.
Nxc6 Qxc6 22. Rc1 Be7 23. Qd2 h6 24. h4 Nf6 25. Qe2 Nd7 26. Rfe1 Qb6 27. Rcd1
Qc6 28. Bf1 Qb6 29. Bc1 Qc6 30. Kh2 a5 31. Bh3 a4 32. Qg4 Nf6 33. Qf3 axb3 34.
axb3 Ra8 35. g4 Nh7 36. Qg3 Ra2+ 37. Bg2 b5 38. cxb5 Qxb5 39. g5 hxg5 40. hxg5
Rc8 41. f6 Bf8 42. fxg7 Kxg7 43. Rg1 Qe2 44. Qh3 Rcc2 45. g6 fxg6 46. Bh6+ Kg8
47. Qe6+ Kh8 48. Qxg6 Bxh6 49. Qxh6 Qg4 50. Qh3 Rxg2+ 51. Rxg2 Rxg2+ 52. Qxg2
Qxd1 53. Qg6 Qe2+ 54. Kh3 Qe3+ 55. Kg2 Qg5+ 0-1

[Event "5th IT Lukavac 2016"]
[Site "Lukavac"]
[Date "2016.11.25"]
[Round "2.4"]
[White "Kaplan, Ebru"]
[Black "Salkic, Mahir"]
[Result "1/2-1/2"]
[WhiteElo "1954"]
[BlackElo "2151"]
[PlyCount "94"]
[EventDate "2016.11.24"]

1. e4 e6 2. d4 d5 3. exd5 exd5 4. Bd3 Bd6 5. c3 c6 6. Nf3 Ne7 7. O-O O-O 8. Qc2
Ng6 9. Bg5 Qc7 10. Nbd2 Be6 11. Rfe1 Nd7 12. Re2 c5 13. dxc5 Nxc5 14. Bf5 Rac8
15. Rae1 Bf4 16. Nf1 h6 17. Bxg6 hxg5 18. Bh7+ Kh8 19. Bf5 g6 20. Bxe6 Nxe6 21.
Rxe6 fxe6 22. Qxg6 Qg7 23. Qxe6 Rce8 24. Qxe8 Rxe8 25. Rxe8+ Kh7 26. h3 Bc1 27.
Re2 Bf4 28. N1h2 b5 29. Ng4 b4 30. g3 bxc3 31. bxc3 Qxc3 32. Kg2 Bc1 33. Re7+
Kg6 34. Rxa7 d4 35. Rd7 Be3 36. Nxe3 dxe3 37. fxe3 Qxe3 38. Rd2 Qc3 39. Rf2 Kf5
40. Nh4+ Ke4 41. Nf3 Qa5 42. Nd2+ Kd3 43. Nf1 Qd5+ 44. Kg1 Qd4 45. Kg2 Qd5+ 46.
Kg1 Qd4 47. Kg2 Qd5+ 1/2-1/2

[Event "5th IT Lukavac 2016"]
[Site "Lukavac"]
[Date "2016.11.25"]
[Round "2.5"]
[White "Mujacic, Haris"]
[Black "Sadikovic, Jasmin"]
[Result "1-0"]
[WhiteElo "1947"]
[BlackElo "2128"]
[PlyCount "67"]
[EventDate "2016.11.24"]

1. d4 Nf6 2. Bf4 g6 3. Nc3 d5 4. e3 Bg7 5. Nf3 c6 6. Be2 O-O 7. Ne5 Nfd7 8. Qd2
Nxe5 9. Bxe5 Bxe5 10. dxe5 Be6 11. O-O-O Nd7 12. f4 b5 13. Bf3 Nb6 14. Qf2 Qc8
15. h4 b4 16. Ne2 c5 17. h5 Rb8 18. hxg6 fxg6 19. Qh4 Rf7 20. g4 Rg7 21. Rdg1
Nc4 22. f5 Nxe5 23. Bg2 Qa6 24. Qg3 b3 25. Qxe5 bxa2 26. Qxb8+ Bc8 27. Bxd5+ e6
28. Bxa2 c4 29. Nd4 e5 30. Ne6 Re7 31. Nc5 Qc6 32. Bxc4+ Kg7 33. f6+ Kxf6 34.
Rf1+ 1-0

[Event "5th IT Lukavac 2016"]
[Site "Lukavac"]
[Date "2016.11.25"]
[Round "2.6"]
[White "Obuca, Bajro"]
[Black "Barisic, Predrag"]
[Result "1/2-1/2"]
[WhiteElo "2114"]
[BlackElo "1954"]
[PlyCount "32"]
[EventDate "2016.11.24"]

1. e4 e5 2. Nf3 Nc6 3. Bc4 Nf6 4. d3 d5 5. exd5 Nxd5 6. h3 Bc5 7. O-O O-O 8.
Re1 Be6 9. Bg5 Qd7 10. Nbd2 Bb6 11. Qe2 f6 12. Be3 Rad8 13. Bxd5 Bxd5 14. Bxb6
axb6 15. a3 b5 16. Rad1 Rfe8 1/2-1/2

[Event "5th IT Lukavac 2016"]
[Site "Lukavac"]
[Date "2016.11.25"]
[Round "2.7"]
[White "Muhibic, Cazim"]
[Black "Zupcevic, Nedim"]
[Result "1/2-1/2"]
[WhiteElo "1931"]
[BlackElo "2080"]
[PlyCount "45"]
[EventDate "2016.11.24"]

1. e4 e5 2. Bc4 Nf6 3. Nf3 Nc6 4. Ng5 d5 5. exd5 Na5 6. Bb5+ c6 7. dxc6 bxc6 8.
Be2 h6 9. Nf3 e4 10. Ng1 Bd6 11. d3 O-O 12. dxe4 Nxe4 13. Nf3 Qe7 14. O-O Rd8
15. Qe1 Nb7 16. Bd3 Nbc5 17. Bc4 Bg4 18. Nbd2 Rab8 19. Qe3 Nxd2 20. Nxd2 Qf6
21. Nb3 Ne6 22. Bxe6 Bxe6 23. f4 1/2-1/2

[Event "5th IT Lukavac 2016"]
[Site "Lukavac"]
[Date "2016.11.25"]
[Round "2.8"]
[White "Hadzipasic, Emir"]
[Black "Mulic, Sulejman"]
[Result "1-0"]
[WhiteElo "2074"]
[BlackElo "1937"]
[PlyCount "49"]
[EventDate "2016.11.24"]

1. Nf3 e6 2. d4 d5 3. e3 c5 4. b3 Nc6 5. Bb2 Nf6 6. Nbd2 Be7 7. Bd3 O-O 8. a3
a6 9. O-O b5 10. dxc5 Bxc5 11. Qe2 Bb7 12. a4 b4 13. Rad1 Re8 14. e4 d4 15. e5
Nd5 16. Qe4 g6 17. Qg4 Nc3 18. Bxc3 bxc3 19. Ne4 Be7 20. Bc4 Qa5 21. Qf4 Rf8
22. Rfe1 Kg7 23. Nf6 Rad8 24. Re4 Rd5 25. Qh6+ 1-0

[Event "5th IT Lukavac 2016"]
[Site "Lukavac"]
[Date "2016.11.25"]
[Round "2.9"]
[White "Basic, Enver"]
[Black "Markovic, Dino"]
[Result "1/2-1/2"]
[WhiteElo "1869"]
[BlackElo "2065"]
[PlyCount "40"]
[EventDate "2016.11.24"]

1. e4 e6 2. d4 d5 3. Nc3 dxe4 4. Nxe4 Nd7 5. Nf3 Ngf6 6. Nxf6+ Nxf6 7. Bd3 c5
8. O-O cxd4 9. Nxd4 Be7 10. Re1 O-O 11. c3 a6 12. Re3 Qc7 13. Rf3 b5 14. Bg5 h6
15. Bxh6 gxh6 16. Rg3+ Kh8 17. Qd2 Ng8 18. Rxg8+ Kxg8 19. Qxh6 f5 20. Qg6+ Kh8
1/2-1/2

[Event "5th IT Lukavac 2016"]
[Site "Lukavac"]
[Date "2016.11.25"]
[Round "2.10"]
[White "Kasumovic, Muhidin"]
[Black "Selimovic, Mahir"]
[Result "1/2-1/2"]
[WhiteElo "2044"]
[BlackElo "1930"]
[PlyCount "52"]
[EventDate "2016.11.24"]

1. e4 c5 2. Nf3 g6 3. d4 cxd4 4. Nxd4 Bg7 5. Be3 Nf6 6. Nc3 Nc6 7. f3 a6 8. Qd2
d5 9. O-O-O dxe4 10. Nxe4 Nxe4 11. fxe4 O-O 12. c3 Bg4 13. Be2 Bxe2 14. Qxe2
Qa5 15. Kb1 Ne5 16. g4 b5 17. h4 h6 18. h5 g5 19. Nf5 Qc7 20. Rd5 Nc4 21. Rc5
Qb7 22. Bc1 Rac8 23. Rxc8 Rxc8 24. Rd1 b4 25. cxb4 Qxb4 26. Nxg7 Na3+ 1/2-1/2

[Event "5th IT Lukavac 2016"]
[Site "Lukavac"]
[Date "2016.11.25"]
[Round "2.11"]
[White "Avdic, Adnan A"]
[Black "Yurdakul, Didem Nuray"]
[Result "1-0"]
[WhiteElo "2030"]
[BlackElo "1562"]
[PlyCount "85"]
[EventDate "2016.11.24"]

1. d4 d5 2. Nf3 Nf6 3. Bg5 c6 4. Nbd2 Qb6 5. Rb1 Bf5 6. Nh4 Bg6 7. e3 Nbd7 8.
Nxg6 hxg6 9. f4 e6 10. Bd3 Be7 11. c3 Qd8 12. O-O Nh7 13. Bxe7 Qxe7 14. e4 dxe4
15. Nxe4 f5 16. Nd2 Nhf6 17. Qe2 O-O-O 18. Rfe1 Ng4 19. Nf3 Qd6 20. g3 Rh3 21.
Qxe6 Qxe6 22. Rxe6 Nxh2 23. Nxh2 Rxg3+ 24. Kf2 Rxd3 25. Nf3 Nf8 26. Re5 Nd7 27.
Ke2 Nxe5 28. fxe5 Rxf3 29. Kxf3 Rh8 30. Rg1 Rh6 31. c4 Rh3+ 32. Kf4 Rh4+ 33.
Kg5 Rxd4 34. Kxg6 Kd8 35. Kxf5 Rd7 36. e6 Re7 37. Ke5 Kc7 38. Rf1 Kd8 39. Rf8+
Re8 40. Rf7 g5 41. Rxb7 Re7 42. Rb8+ Kc7 43. Rg8 1-0

[Event "5th IT Lukavac 2016"]
[Site "Lukavac"]
[Date "2016.11.25"]
[Round "2.12"]
[White "Zenelaj, Samuel"]
[Black "Kozarcanin, Sead"]
[Result "0-1"]
[WhiteElo "1707"]
[BlackElo "2030"]
[PlyCount "78"]
[EventDate "2016.11.24"]

1. e4 e5 2. Nf3 Nc6 3. Bb5 Nge7 4. O-O g6 5. c3 d6 6. d3 Bg7 7. Bg5 h6 8. Bh4
g5 9. Bg3 O-O 10. h4 Bg4 11. Nbd2 Ng6 12. hxg5 hxg5 13. Qe1 Nf4 14. Nh2 Be6 15.
Bxf4 gxf4 16. g4 Bf6 17. Kh1 Kg7 18. Rg1 Rh8 19. Rg2 Bg5 20. Ndf3 Qf6 21. Qe2
Ne7 22. Kg1 Rh3 23. d4 Ng6 24. d5 Bc8 25. Kf1 a6 26. Ba4 b5 27. Bb3 Bd7 28. a4
Rah8 29. axb5 axb5 30. Ra7 Nh4 31. Nxh4 Bxh4 32. Rxc7 f3 33. Nxf3 Rxf3 34. g5
Qf4 35. Bd1 Rxf2+ 36. Rxf2 Bh3+ 37. Ke1 Bg4 38. Qd2 Bxf2+ 39. Qxf2 Rh1+ 0-1

[Event "5th IT Lukavac 2016"]
[Site "Lukavac"]
[Date "2016.11.25"]
[Round "2.13"]
[White "Lipovcic, Marko"]
[Black "Pasalic, Adnan"]
[Result "1-0"]
[WhiteElo "1325"]
[BlackElo "2027"]
[PlyCount "93"]
[EventDate "2016.11.24"]

1. c4 e6 2. Nf3 Nf6 3. Nc3 d5 4. cxd5 exd5 5. d4 c6 6. Bg5 Be7 7. e3 Bf5 8. Bd3
Bxd3 9. Qxd3 O-O 10. O-O Nbd7 11. Rab1 a5 12. a4 Ne4 13. Bf4 Ndf6 14. h3 Bd6
15. Ne5 Be7 16. f3 Nd6 17. Kh1 Nh5 18. Bh2 g6 19. g4 Ng7 20. Qe2 f6 21. Nd3 Re8
22. Nc5 b6 23. Nd3 Bf8 24. b3 Qd7 25. Rbc1 Rac8 26. Qd2 Nf7 27. Kg2 Bd6 28.
Rfe1 Re7 29. Qf2 Rce8 30. Rc2 Bxh2 31. Kxh2 Qd6+ 32. Kg2 Ne6 33. Rce2 c5 34.
Nb5 Qd7 35. dxc5 bxc5 36. Rc2 Ne5 37. Rd1 Nxd3 38. Rxd3 Qc6 39. Qd2 Ng5 40. h4
Nf7 41. Qxa5 Rxe3 42. Rxe3 Rxe3 43. Nd4 Qd6 44. Qxc5 Qe5 45. a5 Rd3 46. Qc8+
Kg7 47. Ne6+ 1-0

[Event "5th IT Lukavac 2016"]
[Site "Lukavac"]
[Date "2016.11.25"]
[Round "2.16"]
[White "Vajic, Goran"]
[Black "Uysal, Ugur"]
[Result "1-0"]
[WhiteElo "2295"]
[BlackElo "1532"]
[PlyCount "71"]
[EventDate "2016.11.24"]

1. d4 Nf6 2. Nf3 g6 3. Nc3 d5 4. Bf4 a6 5. e3 Bg7 6. Be2 O-O 7. Ne5 Nbd7 8. h4
h5 9. Qd2 Ne4 10. Nxe4 dxe4 11. O-O-O Nxe5 12. dxe5 Be6 13. Qb4 Qc8 14. Qxe4 c6
15. Qb4 Qc7 16. Qc3 Rfd8 17. a3 b5 18. Bf3 Rdc8 19. Qc5 Rab8 20. Rd4 a5 21.
Rhd1 b4 22. a4 Ra8 23. Be2 Qb7 24. Bc4 Bxc4 25. Qxc4 e6 26. f3 Rf8 27. Rd7 Qb6
28. g4 hxg4 29. fxg4 Bxe5 30. h5 gxh5 31. gxh5 Bg7 32. h6 Bf6 33. Qe4 Rad8 34.
Be5 Bxe5 35. Qxe5 f6 36. Qg3+ 1-0

[Event "5th IT Lukavac 2016"]
[Site "Lukavac"]
[Date "2016.11.25"]
[Round "2.17"]
[White "Imamovic, Samir"]
[Black "Trkulja, Goran"]
[Result "0-1"]
[WhiteElo "1898"]
[BlackElo "2301"]
[PlyCount "46"]
[EventDate "2016.11.24"]

1. e4 c5 2. c3 Nf6 3. d3 e6 4. Nf3 d5 5. e5 Nfd7 6. g3 Nc6 7. d4 cxd4 8. cxd4
Nb6 9. a3 a5 10. Be2 Bd7 11. O-O Be7 12. Nc3 a4 13. Nb5 O-O 14. h4 Nc4 15. Nc3
b5 16. Bxc4 bxc4 17. Be3 Qb8 18. Qc2 Qb3 19. Qxb3 cxb3 20. Rfc1 Na5 21. Nd2
Rfc8 22. Ne2 Rc2 23. Nc3 Rxb2 0-1

[Event "5th IT Lukavac 2016"]
[Site "Lukavac"]
[Date "2016.11.25"]
[Round "2.18"]
[White "Rosic, Slavko S"]
[Black "Cabric, Izet"]
[Result "1-0"]
[WhiteElo "2255"]
[BlackElo "1933"]
[PlyCount "93"]
[EventDate "2016.11.24"]

1. e4 d6 2. d4 Nf6 3. Nc3 g6 4. Bg5 Bg7 5. Qd2 h6 6. Be3 c6 7. f3 Nbd7 8. O-O-O
Qa5 9. Kb1 b5 10. a3 Rb8 11. Nge2 Nb6 12. Na2 Qxd2 13. Bxd2 Nc4 14. Bc1 a5 15.
Nf4 e5 16. dxe5 dxe5 17. Bxc4 exf4 18. Bxf4 Rb7 19. Be2 O-O 20. Nc1 Nd7 21. Nd3
Re8 22. Bd6 Bf8 23. Bxf8 Kxf8 24. Rd2 g5 25. h4 Kg7 26. hxg5 hxg5 27. f4 gxf4
28. Nxf4 Rxe4 29. Nh5+ Kf8 30. Bf3 Re6 31. Nf4 Rf6 32. Rh8+ Ke7 33. Nh5 Rc7 34.
Nxf6 Nxf6 35. Re2+ Kd7 36. Rh6 Ne8 37. Bxc6+ Rxc6 38. Rxc6 Kxc6 39. Rxe8 Be6
40. b4 axb4 41. axb4 Kd5 42. Kb2 Kc4 43. c3 Kd3 44. Rb8 Bc4 45. Rc8 f5 46. g3
Ke3 47. Rxc4 1-0

[Event "5th IT Lukavac 2016"]
[Site "Lukavac"]
[Date "2016.11.25"]
[Round "2.19"]
[White "Rakita, Jandrija"]
[Black "Sitnic, Adnan"]
[Result "0-1"]
[WhiteElo "1544"]
[BlackElo "2247"]
[PlyCount "80"]
[EventDate "2016.11.24"]

1. e4 Nc6 2. d4 e5 3. Nf3 exd4 4. Nxd4 Qf6 5. Nxc6 Bc5 6. Qf3 bxc6 7. Bd3 d6 8.
a3 Qxf3 9. gxf3 Bd4 10. c3 Be5 11. Be3 f5 12. exf5 Ne7 13. Nd2 Nxf5 14. h4 O-O
15. h5 d5 16. f4 Bf6 17. O-O-O Bd7 18. Rde1 Nxe3 19. fxe3 Rae8 20. Nb3 Be7 21.
Kd2 Rb8 22. Kc2 c5 23. Nd2 c4 24. Be2 c6 25. Bf3 Bd6 26. b4 cxb3+ 27. Nxb3 Bxa3
28. Ra1 Bf5+ 29. e4 dxe4 30. Rxa3 exf3+ 31. Kd2 Rfd8+ 32. Ke1 Rxb3 33. Rxb3 Bc2
34. Rb2 Rd1+ 35. Kf2 Rxh1 36. Kxf3 Rh3+ 37. Kg4 Rxc3 38. Rb8+ Kf7 39. Rb7+ Kf6
40. Rxa7 Bf5+ 0-1

[Event "5th IT Lukavac 2016"]
[Site "Lukavac"]
[Date "2016.11.25"]
[Round "2.20"]
[White "Aleksic, Neven"]
[Black "Huremovic, Elmedin"]
[Result "1/2-1/2"]
[WhiteElo "2131"]
[BlackElo "1899"]
[PlyCount "134"]
[EventDate "2016.11.24"]

1. d4 d5 2. c4 c6 3. cxd5 cxd5 4. Nc3 Nf6 5. Bf4 a6 6. e3 e6 7. Bd3 Bd6 8. Bxd6
Qxd6 9. f4 Nc6 10. Nf3 Ng4 11. Qe2 Nb4 12. Bb1 Bd7 13. a3 Nc6 14. O-O f5 15. h3
Nf6 16. Ne5 O-O 17. Bd3 Ne4 18. Bxe4 fxe4 19. Nxc6 Bxc6 20. Rac1 Rac8 21. Kh1
Qe7 22. Qg4 Bd7 23. Qg5 Qf6 24. Qxf6 gxf6 25. Ne2 Bb5 26. Rxc8 Rxc8 27. Rc1 Bc6
28. g4 Kf7 29. Kh2 Rg8 30. b4 Ke7 31. Rc2 Ra8 32. Nc1 Kd6 33. Rc3 a5 34. bxa5
Rxa5 35. Kg3 e5 36. dxe5+ fxe5 37. fxe5+ Kxe5 38. Ne2 Ra8 39. Nd4 Ra4 40. h4
Rxd4 41. exd4+ Kxd4 42. Rc1 Ke3 43. h5 d4 44. g5 d3 45. g6 h6 46. g7 Bd5 47.
Re1+ Kd4 48. Kf4 d2 49. Rxe4+ Bxe4 50. g8=Q d1=Q 51. Qg7+ Kc5 52. Qe7+ Kb6 53.
Qxe4 Qxh5 54. Qe6+ Ka7 55. Qe3+ Kb8 56. Qe7 Qh2+ 57. Kf3 Qh3+ 58. Kf4 Qf1+ 59.
Kg4 Qg2+ 60. Kh5 Qg5+ 61. Qxg5 hxg5 62. Kxg5 Ka7 63. Kf5 Ka6 64. Ke5 Ka5 65.
Kd5 b6 66. Kc6 b5 67. Kc5 Ka4 1/2-1/2

[Event "5th IT Lukavac 2016"]
[Site "Lukavac"]
[Date "2016.11.25"]
[Round "2.21"]
[White "Coric, Ahmed"]
[Black "Karlovic, Zvonimir"]
[Result "1-0"]
[WhiteElo "2081"]
[BlackElo "1873"]
[PlyCount "119"]
[EventDate "2016.11.24"]

1. e4 e5 2. Nf3 Nf6 3. Nc3 Nc6 4. Bb5 Nd4 5. Ba4 Nxf3+ 6. Qxf3 c6 7. Bb3 Bc5 8.
d3 d6 9. Be3 Bg4 10. Qg3 Bxe3 11. Qxe3 Qb6 12. Qd2 Be6 13. f3 d5 14. Qg5 a5 15.
exd5 cxd5 16. Ba4+ Nd7 17. Bxd7+ Kxd7 18. Qxe5 f6 19. Qg3 Qxb2 20. Kd2 d4 21.
Ne4 Qb4+ 22. Ke2 Qe7 23. Rhb1 Bd5 24. Qf2 Rhd8 25. Qxd4 Ke8 26. Kf2 Rac8 27.
Rb2 Bxe4 28. Qxe4 Qxe4 29. fxe4 Rc3 30. Ke3 Rd7 31. Kd2 Rdc7 32. Rc1 Kf7 33.
Rb3 R3c5 34. d4 Rg5 35. g3 Rh5 36. h4 g5 37. Rh1 gxh4 38. Rxh4 Kg6 39. Rxh5
Kxh5 40. Rf3 Kg4 41. Rxf6 Kxg3 42. e5 h5 43. e6 h4 44. Kd3 h3 45. Rh6 h2 46. d5
Re7 47. Ke4 Rc7 48. d6 Rc4+ 49. Ke5 Rh4 50. Rxh4 Kxh4 51. d7 h1=Q 52. d8=Q+ Kg4
53. Qd4+ Kg5 54. Qf4+ Kh5 55. Kf6 Qg2 56. Qf5+ Kh6 57. Qf4+ Kh5 58. e7 Qg6+ 59.
Ke5 Qc6 60. Qf5+ 1-0

[Event "5th IT Lukavac 2016"]
[Site "Lukavac"]
[Date "2016.11.25"]
[Round "2.22"]
[White "Osmanbegovic, Avdo"]
[Black "Lapo, Safet"]
[Result "1/2-1/2"]
[WhiteElo "2027"]
[BlackElo "1799"]
[PlyCount "50"]
[EventDate "2016.11.24"]

1. e4 d5 2. exd5 Qxd5 3. Nc3 Qa5 4. Nf3 Nf6 5. Bc4 Bf5 6. O-O e6 7. Re1 Be7 8.
d4 c6 9. Bd3 Bxd3 10. Qxd3 Nbd7 11. Bd2 Qc7 12. Ne2 O-O 13. c4 Rad8 14. Bf4 Bd6
15. Bxd6 Qxd6 16. Qc2 c5 17. Rad1 cxd4 18. Rxd4 Qc7 19. Ng3 Rfe8 20. h3 Nf8 21.
Red1 Rxd4 22. Rxd4 Rd8 23. Qd3 Rxd4 24. Qxd4 b6 25. b3 N8d7 1/2-1/2

[Event "5th IT Lukavac 2016"]
[Site "Lukavac"]
[Date "2016.11.25"]
[Round "2.23"]
[White "Zenelaj, Fisnik"]
[Black "Nalic, Ahmet"]
[Result "1/2-1/2"]
[WhiteElo "1934"]
[BlackElo "2019"]
[PlyCount "86"]
[EventDate "2016.11.24"]

1. e4 c5 2. Nf3 e6 3. d4 cxd4 4. Nxd4 a6 5. Be2 Nc6 6. O-O Qc7 7. Nc3 Nf6 8.
Be3 b5 9. Nxc6 dxc6 10. Bf3 Be7 11. Ne2 Bb7 12. c3 O-O 13. Qc2 c5 14. Rad1 Rfd8
15. Bf4 e5 16. Be3 c4 17. h4 h5 18. Bg5 Ng4 19. Ng3 g6 20. Qe2 Nf6 21. Bxf6
Bxf6 22. Bxh5 gxh5 23. Nxh5 Qe7 24. Qg4+ Kf8 25. Ng3 Rxd1 26. Rxd1 Rd8 27. Nf5
Rxd1+ 28. Qxd1 Qd8 29. Qg4 Bc8 30. h5 Bxf5 31. Qxf5 Ke7 32. h6 Qd7 33. Qh5 Bh8
34. h7 Qc6 35. Qg5+ Qf6 36. Qg8 Qg7 37. f3 a5 38. Kf2 Kf6 39. Qd8+ Kg6 40. Qxa5
Qxh7 41. Qxb5 Qh4+ 42. Kg1 Qe1+ 43. Kh2 Qh4+ 1/2-1/2

[Event "5th IT Lukavac 2016"]
[Site "Lukavac"]
[Date "2016.11.25"]
[Round "2.24"]
[White "Obad, Andrija"]
[Black "Brcaninovic, Enes"]
[Result "1-0"]
[WhiteElo "2260"]
[BlackElo "1650"]
[PlyCount "35"]
[EventDate "2016.11.24"]

1. e4 e5 2. Nf3 Nc6 3. Bc4 Bc5 4. O-O Nf6 5. d4 Bxd4 6. Nxd4 Nxd4 7. f4 Nc6 8.
Bxf7+ Ke7 9. fxe5 Nxe5 10. Bb3 d6 11. Bg5 c6 12. Qe1 Rf8 13. Qg3 Kd7 14. Bxf6
gxf6 15. Qh3+ Kc7 16. Qxh7+ Qd7 17. Qh6 Qg4 18. Qxf8 1-0

[Event "5th IT Lukavac 2016"]
[Site "Lukavac"]
[Date "2016.11.25"]
[Round "2.25"]
[White "Peric, Pero"]
[Black "Trumic, Enes"]
[Result "0-1"]
[WhiteElo "1761"]
[BlackElo "2278"]
[PlyCount "68"]
[EventDate "2016.11.24"]

1. e4 c5 2. Bc4 Nc6 3. Nf3 e6 4. Nc3 a6 5. a3 b5 6. Ba2 Bb7 7. d3 d6 8. O-O Nf6
9. Bg5 Be7 10. h3 O-O 11. Nh2 Nd4 12. Ne2 e5 13. Nxd4 cxd4 14. f4 exf4 15. Rxf4
d5 16. e5 Nd7 17. Bxe7 Qxe7 18. Ng4 h5 19. Nf6+ gxf6 20. Qxh5 Nxe5 21. Re1 Nf3+
22. Rxf3 Qxe1+ 23. Kh2 Rfe8 24. Rg3+ Kf8 25. Qh8+ Ke7 26. Qh4 Qe5 27. Kg1 Rh8
28. Qg4 Rh5 29. Rf3 Rg5 30. Qh4 Rag8 31. g4 Bc8 32. Rf1 Bxg4 33. Re1 Be2+ 34.
Kh1 Bf3# 0-1

[Event "5th IT Lukavac 2016"]
[Site "Lukavac"]
[Date "2016.11.25"]
[Round "2.26"]
[White "Kocanovic, Armin"]
[Black "Halilovic, Fahrudin"]
[Result "1/2-1/2"]
[WhiteElo "1665"]
[BlackElo "2092"]
[PlyCount "66"]
[EventDate "2016.11.24"]

1. c4 f5 2. g3 Nf6 3. Bg2 e6 4. Nf3 c6 5. d4 d5 6. b3 b6 7. Ba3 c5 8. e3 Bb7 9.
O-O Nbd7 10. Nbd2 Bd6 11. Rc1 O-O 12. Ng5 Qe7 13. f4 h6 14. Ngf3 Ne4 15. Ne5
Qe8 16. Nxd7 Qxd7 17. cxd5 cxd4 18. Bxd6 Qxd6 19. Nxe4 fxe4 20. Bxe4 dxe3 21.
Re1 Rad8 22. Rxe3 exd5 23. Rd3 Rfe8 24. Bf3 Kh8 25. Rc2 Qe7 26. Bxd5 Ba6 27.
Rdd2 Qe3+ 28. Kg2 Rxd5 29. Rxd5 Bb7 30. Rcd2 Rd8 31. Kf1 Ba6+ 32. Kg2 Bb7 33.
Kf1 Ba6+ 1/2-1/2